NFL Top 30 Greatest Quarterbacks - Statistics

General Stats
  • This quiz has been taken 64 times
  • The average score is 14 of 31
Answer Stats
Hint Answer % Correct
The goat Tom Brady
100%
Peyton’s brother Eli Manning
78%
Part of the family Peyton Manning
78%
The Rice Combo Joe Montana
69%
5000 passing yards in ‘84 Dan Marino
67%
Saints Drew Brees
67%
Best pass rating Aaron Rodgers
65%
336 Ints Brett Favre
63%
Also The Rice Combo Steve Young
61%
1 Team QB Ben Roethlisberger
57%
Best bronco John Elway
57%
1960s Colts Johnny Unitas
52%
Made history with Gates Philip Rivers
48%
The 70s Steelers Ringleader Terry Bradshaw
48%
Falcons Matt Ryan
46%
Vikings 1961-1978 Fran Tarkenton
43%
Broadway ___ Joe Namath
39%
Greatest Black QB Warren Moon
35%
Made a cereal Kurt Warner
33%
Best Active Quarterback Matthew Stafford
33%
Eagles Donovan Mcnabb
31%
Before Brady Drew Bledsoe
31%
Made history in the 40s Otto Graham
30%
Cardinals, 2000’s Carson Palmer
28%
Chargers 70’s Dan Fouts
26%
Career ended by L.T Joe Theismann
26%
Best rushing QB Michael Vick
26%
Replaced Warren Moon Steve Mcnair
24%
Won MVP with the bengals Boomer Esiason
22%
Made history in the 50s Norm Van Brocklin
7%
Retired at age 48 George Blanda
4%
No matching quizzes found
Score Distribution
Percent of People with Each Score
Percentile by Number Answered
Your Score History
You have not taken this quiz